Statistics for WTA Top 100

Click here to take the quiz!

General Stats

  • This quiz has been taken 26 times
  • The average score is 52 of 100

Answer Stats

HintAnswer% Correct
1Ashleigh Barty
95%
20Emma Raducanu
95%
5Garbiñe Muguruza
91%
13Naomi Osaka
91%
17Angelique Kerber
86%
9Iga Świątek
86%
24Leylah Fernandez
86%
41Serena Williams
86%
22Simona Halep
86%
2Aryna Sabalenka
82%
4Karolína Plíšková
82%
3Barbora Krejčíková
77%
6Maria Sakkari
77%
7Ons Jabeur
77%
63Sloane Stephens
77%
8Anett Kontaveit
73%
47Ann Li
73%
15Elina Svitolina
73%
28Jeļena Ostapenko
73%
18Petra Kvitová
73%
27Victoria Azarenka
73%
46Bianca Andreescu
68%
55Madison Keys
68%
59Alizé Cornet
64%
75Andrea Petković
64%
23Belinda Bencic
64%
21Cori Gauff
64%
16Elise Mertens
64%
12Sofia Kenin
64%
19Jessica Pegula
59%
58Shuai Zhang
59%
45Ajla Tomljanović
55%
69Alison Van Uytvanck
55%
77Amanda Anisimova
55%
26Daria Kasatkina
55%
87Saisai Zheng
55%
36Sara Sorribes Tormo
55%
73Alison Riske
50%
80Beatriz Haddad Maia
50%
72Caroline Garcia
50%
44Clara Tauson
50%
29Danielle Collins
50%
30Ekaterina Alexandrova
50%
14Elena Rybakina
50%
60Irina-Camelia Begu
50%
25Jennifer Brady
50%
38Jil Teichmann
50%
70Kaia Kanepi
50%
33Karolína Muchová
50%
35Markéta Vondroušová
50%
53Petra Martić
50%
32Veronika Kudermetova
50%
42Yulia Putintseva
50%
85Aliaksandra Sasnovich
45%
34Camila Giorgi
45%
66Donna Vekić
45%
74Greet Minnen
45%
49Kateřina Siniaková
45%
92Kristina Mladenovic
45%
56Magda Linette
45%
37Sorana Cîrstea
45%
43Viktorija Golubic
45%
65Ana Konjuh
41%
11Anastasia Pavlyuchenkova
41%
68Anastasija Sevastova
41%
62Arantxa Rus
41%
97Dayana Yastremska
41%
71Heather Watson
41%
39Ludmilla Samsonova
41%
57Madison Brengle
41%
91Marie Bouzková
41%
50Marta Kostyuk
41%
31Tamara Zidanšek
41%
48Tereza Martincová
41%
67Anastasia Potapova
36%
52Anhelina Kalinina
36%
94Claire Liu
36%
83Elena-Gabriela Ruse
36%
96Kaja Juvan
36%
54María Camila Osorio Serrano
36%
79Maryna Zanevska
36%
82Nadia Podoroska
36%
64Nuria Párrizas Díaz
36%
88Océane Dodin
36%
40Shelby Rogers
36%
81Anna Karolína Schmiedlová
32%
89Danka Kovinić
32%
51Jasmine Paolini
32%
90Lauren Davis
32%
61Mayar Sherif
32%
10Paula Badosa Gibert
32%
84Rebecca Peterson
32%
78Varvara Gracheva
32%
95Astra Sharma
27%
93Bernarda Pera
27%
99Magdalena Fręch
27%
86Vera Zvonareva
27%
76Clara Burel
23%
98Zarina Diyas
23%
100Jaqueline Cristian
18%

Score Distribution

Percentile by Number Answered

Percent of People with Each Score

Your Score History

You have not taken this quiz